General Christmas Knowledge Quiz! - Statistics

General Stats
  • This quiz has been taken 242 times
  • The average score is 12 of 15
Answer Stats
Hint Answer % Correct
Who was born on Christmas day? Jesus Christ
99%
What do you do underneath the mistletoe? Kiss
98%
Who is the most famous reindeer? Rudolph
97%
What is a traditional Christmas drink? Eggnog
94%
Who once stole christmas? The Grinch
94%
What tree was the partridge sitting on? Pear
90%
What is Scrooge's first name? Ebenezer
86%
How do you say Merry Christmas in Spanish? Feliz Navidad
85%
What is the day after Christmas called? Boxing Day?
84%
Who was the author of A Christmas Carol? Charles Dickens
78%
What ornament do elves have on their shoes? Bells
74%
How many gifts we given on the twelfth day of Christmas? 78
62%
Which company made the concept of Santa Claus popular worldwide? Coca Cola
59%
What is a female turkey called? Hen
44%
What is Santa's favourite food? Mince Pies
35%
No matching quizzes found
Score Distribution
Percent of People with Each Score
Percentile by Number Answered
Your Score History
You have not taken this quiz